El sacerdocio en el misterio de cristo
Đã lưu trong:
| Tác giả chính: | |
|---|---|
| Định dạng: | Sách |
| Ngôn ngữ: | Tiếng Tây Ban Nha |
| Được phát hành: |
Salamanca
Calatrava
1959
|
| Loạt: | Homo Dei, 3
|
| Những chủ đề: | |
| Các nhãn: |
Thêm thẻ
Không có thẻ, Là người đầu tiên thẻ bản ghi này!
|
MARC
| LEADER | 00000nam a2200000 a 4500 | ||
|---|---|---|---|
| 001 | UCR2032 | ||
| 003 | CL-VaPUC | ||
| 008 | 980109e19590000SP |||||||||||||||||spa|d | ||
| 082 | 0 | 4 | |a 253.2 |b LEC |2 21 |
| 100 | |a Lécuyer, Joseph |e author |9 583285 | ||
| 245 | 1 | 3 | |a El sacerdocio en el misterio de cristo |
| 300 | |a 416 p | ||
| 942 | |c BK | ||
| 945 | |d 19980109 00:00:00 |a jquezada | ||
| 260 | |a Salamanca |b Calatrava |c 1959 | ||
| 600 | 0 | |a Iglesia católica |9 255129 | |
| 600 | 0 | |a Jesús |9 313614 | |
| 650 | 0 | |a Teología pastoral |9 257832 | |
| 650 | 7 | |a SACERDOTE |2 CL-VaPUC |9 399261 | |
| 650 | 0 | |a Bautismo |9 314393 | |
| 650 | 7 | |a FIELES |2 CL-VaPUC |9 394703 | |
| 650 | 0 | |a Confirmación |9 255060 | |
| 650 | 0 | |a Apóstoles |9 444286 | |
| 650 | 0 | |a Sacramentos |9 257270 | |
| 583 | |a last modification |c 19980109 00:00:00 |k Rodrigo Vera | ||
| 490 | 0 | |a Homo Dei, 3 | |
| 999 | |c 265309 |d 265307 | ||
| 952 | |0 0 |1 0 |4 0 |6 253_200000000000000_LEC_1959 |7 0 |8 A |9 296180 |a BIBTEO |b BIBTEO |d 2019-11-20 |i 3382486 |o 253.2 LEC 1959 |p 3382486 |r 2025-01-17 |w 2019-11-20 |y BK |k ICR | ||